| 000 | 00524nam a2200181Ia 4500 | ||
|---|---|---|---|
| 008 | 090122s9999 xx 000 0 und d | ||
| 082 | _b11204 | ||
| 100 |
_aउगिले _bएल _cपी |
||
| 245 | _aशापित सौभाग्य | ||
| 260 |
_bप्रसाद _c2006 |
||
| 300 | _a236 | ||
| 501 | _aबि. नं. 2270 | ||
| 600 | _aउगिले | ||
| 630 | _aशापित सौभाग्य | ||
| 700 | _aउगिले | ||
| 730 | _aशापित सौभाग्य | ||
| 942 | _cBOOK | ||
| 999 |
_c35281 _d35281 |
||